[Event "Kuzbass-ch op"]
[Site "Kemerovo"]
[Date "2011.10.14"]
[Round "1"]
[White "Lapenko, Andrey"]
[Black "Laptev, Evgeniy"]
[Result "0-1"]
[WhiteElo "1654"]
[BlackElo "2103"]
[PlyCount "98"]
[EventDate "2011.10.14"]
[EventType "swiss"]
[EventRounds "9"]
[EventCountry "RUS"]
[SourceTitle "EXT 2012"]
[Source "ChessBase"]
[SourceDate "2011.11.24"]
[SourceVersion "1"]
[SourceVersionDate "2011.11.24"]
[SourceQuality "1"]

1. e4 e6 2. d4 d5 3. e5 b6 4. Nf3 Qd7 5. Be2 Ba6 6. Bxa6 Nxa6 7. a3 Nb8 8. 0-0 Nc6 9. b4 a6 10. Bb2 Nge7 11. Nc3 h5 12. Re1 Nf5 13. Ne2 Be7 14. Qd2 g6 15. Rac1 0-0 16. Ng5 Rfd8 17. Ng3 Ncxd4 18. Bxd4 Nxd4 19. Nxf7 Kxf7 20. Qxd4 c5 21. Qf4+ Kg7 22. c3 Rf8 23. Qd2 Rac8 24. Ne4 Rfd8 25. Ng5 Bxg5 26. Qxg5 Rf8 27. Qd2 b5 28. Re4 Qf7 29. Re3 Qf4 30. Qe1 Qc4 31. h3 Rf5 32. Qd2 Rcf8 33. f3 Qf4 34. Qe1 Qc4 35. Kh1 h4 36. Kg1 Rf4 37. Qd2 R8f5 38. Qe1 Rg5 39. Qd2 Rff5 40. Qe1 Qf4 41. bxc5 Rxe5 42. Rxe5 Rxe5 43. Qd1 Qe3+ 44. Kh2 Qxc5 45. Qb3 Qc4 46. Qd1 Re3 47. Qd2 Qf4+ 48. Kh1 Rxf3 49. Qe2 Qxc1+ 0-1

[Event "Kuzbass-ch"]
[Site "Kemerovo"]
[Date "2010.10.24"]
[Round "3"]
[White "Lapenko, Andrey"]
[Black "Zimin, Ivan"]
[Result "0-1"]
[WhiteElo "1678"]
[BlackElo "2099"]
[PlyCount "52"]
[EventDate "2010.10.23"]
[EventType "swiss"]
[EventRounds "9"]
[EventCountry "RUS"]
[SourceTitle "EXT 2011"]
[Source "ChessBase"]
[SourceDate "2010.11.26"]
[SourceVersion "1"]
[SourceVersionDate "2010.11.26"]
[SourceQuality "1"]

1. e4 d6 2. d4 Nf6 3. Nc3 c6 4. Nf3 Nbd7 5. Bc4 b5 6. Bd3 b4 7. Ne2 e6 8. Bd2 c5 9. a3 Qc7 10. axb4 c4 11. Bxc4 Qxc4 12. b3 Qc6 13. e5 dxe5 14. dxe5 Ng4 15. Bg5 Bxb4+ 16. Bd2 Bc5 17. 0-0 Bb7 18. b4 Ngxe5 19. Ng3 Bb6 20. Re1 Nxf3+ 21. Qxf3 Qxf3 22. gxf3 Bxf3 23. c4 0-0 24. Bf4 e5 25. Bxe5 Nxe5 26. Rxe5 Bd4 0-1